| 000 | 01034nam a22002777a 4500 | ||
|---|---|---|---|
| 003 | dpl | ||
| 005 | 20180713122858.0 | ||
| 008 | 180713b xxu||||| |||| 00| 0 eng d | ||
| 010 | _aA-830509 | ||
| 020 | _c60.00 | ||
| 035 | _aA-830509, A-800966 | ||
| 037 | _bCen Lib/Ret | ||
| 040 |
_aDPL _bHN _c0 |
||
| 082 |
_aउ _bशुक्लक |
||
| 100 |
_aशुक्ल, कमल _962057 |
||
| 245 |
_aरानी लक्ष्मीबाई/ _cकमल शुक्ल |
||
| 246 |
_aRani lakshmibai / _bby Kamal Shukla |
||
| 260 |
_aदिल्ली _bसन्मार्ग प्रकाशन _c1996 |
||
| 270 |
_bदिल्ली _a16, यू. बी. बंगलो रोड, जवाहर नगर _e110007 |
||
| 300 |
_a141पृ. _c17सेमी(सजिल्द) |
||
| 650 |
_aहिन्दी साहित्य _962058 |
||
| 650 |
_aउपन्यास _962059 |
||
| 650 |
_aHindi literature _962060 |
||
| 650 |
_aFiction _98901 |
||
| 942 |
_2ddc _cHN _hउ _mशुक्लक |
||
| 999 |
_c115491 _d115491 |
||